[Event "St Petersburg"]
[Site "St Petersburg"]
[Date "1997.04.25"]
[Round "9"]
[White "Salov, Valery"]
[Black "Komarov, Dimitri"]
[Result "1-0"]
[WhiteElo "2665"]
[BlackElo "2615"]
[Annotator "Salov,V"]
[PlyCount "89"]
[EventDate "1997.??.??"]
[EventType "tourn"]
[EventRounds "11"]
[EventCountry "RUS"]
[EventCategory "14"]
[SourceTitle "CBM 059"]
[Source "ChessBase"]
[SourceDate "1997.08.01"]
[SourceVersion "1"]
[SourceVersionDate "1997.08.01"]
[SourceQuality "1"]

1. d4 {Lutz} d5 2. c4 c6 3. Nf3 Nf6 4. Nc3 e6 5. Bg5 h6 6. Bxf6 Qxf6 7. e3 Nd7
8. Bd3 dxc4 9. Bxc4 g6 10. O-O Bg7 11. a4 $5 $146 {In dieser bekannten
Stellung wartet Salow mit einer interessanten Neuerung auf. Er beabsichtigt,
den a-Bauern nach a5 vorzurücken, wo er dem Nd7 das Feld b6 nimmt und außerdem
...b7-b6 erschwert.} (11. Rc1 {Lutz}) (11. Re1 {Lutz}) (11. e4 {Lutz}) (11. b4
{Lutz}) (11. Ne4 {Lutz}) 11... O-O (11... a5 $5 {Lutz ist die prinzipielle
Reaktion. Kritisch erscheint dann} 12. e4 e5 13. d5 Nb6 $13 {[%csl Rb6] Hier
könnte sich der Einschub von a2-a4 und ...a7-a5 günstig für Weiß auswirken, da
der Nb6 wackelig steht.}) 12. a5 Qe7 $1 (12... e5 13. d5 $14) 13. Qc2 c5 $1 (
13... Rb8 $5 {Lutz mit der Idee ...b7-b6 ist beachtenswert.}) 14. Rfd1 (14. d5
Nf6 $1 (14... Ne5 $5 15. Nxe5 Bxe5 16. f4 Bg7 17. Rad1 $13) 15. Qb3 (15. a6 b5
$1) 15... exd5 16. Nxd5 Nxd5 17. Bxd5 Rb8 $132) 14... cxd4 15. exd4 Nf6 16. Qe2
$1 {Weiß kann aufgrund seines Entwicklungsvorsprungs auf eine leichte
Initiative hoffen.} (16. d5 Qc5 $15) 16... Re8 17. Ne5 Nd7 $1 18. Nf3 (18. Nb5
Nxe5 (18... Nf6 $5) (18... Rd8 $2 19. Nxf7 $1 Kxf7 20. Nc7 $40) 19. dxe5 Qc5
20. Nd6 Rd8 21. a6 Rb8 $1 22. Qf3 Rf8 $132) 18... Nf6 19. Rd3 $5 {Ein starker
und nicht offensichtlicher Zug, um die Initiative zu behalten. Die Idee ist,
die Überführung des Turms nach e3, wo er Nc3 und Ne5 deckt und außerdem dem
Vorstoß d4-d5 zusätzliche Kraft gibt.} (19. Ne5 $11) 19... Bd7 20. Ne5 Rac8 $6
(20... Bc6 $1 21. Re3 (21. a6 Red8 $1 $15) 21... Qb4 22. a6 Qb6 23. Nb5 $13)
21. a6 $1 {So werden der Pa7 und das Feld c6 geschwächt.} bxa6 22. Bxa6 Rb8 23.
Bc4 Rb7 24. Re3 $36 {Nun hängt der Vorstoß d4-d5 in der Luft.} Qb4 $6 (24...
Reb8 $142 25. b3 Qd6) 25. b3 $1 (25. d5 $5 Qxb2 26. Qxb2 (26. Qe1 Nxd5 27. Bxd5
exd5 28. Rb1 Qxb1 $1 29. Nxb1 Rxe5 $17) 26... Rxb2 27. Nxd7 Nxd7 28. dxe6 fxe6
29. Rxa7 Nc5 $11) 25... a5 {Schwarz sollte Gegenmaßnahmen gegen d4-d5 treffen.}
(25... Rd8 $6 {Lutz} 26. Rd1 (26. d5 exd5 27. Nxd5 Nxd5 28. Bxd5 Bxe5 29. Rxe5
Bb5 $11) 26... Be8 27. d5 $36) (25... Re7 $5 {Lutz scheint das Gleichgewicht
zu halten.} 26. Rd1 (26. d5 exd5 27. Nxd5 (27. Bxd5 Rxe5) 27... Nxd5 28. Bxd5
Rc7) 26... Rc7 {und die Drohung d4-d5 ist entschärft.}) 26. Rd1 $1 (26. Qf3 $14
) 26... a4 {Verliert Material.} (26... Rd8 27. d5 $1 exd5 28. Nxd5 Nxd5 29.
Bxd5 Bxe5 30. Bxb7 Bd4 (30... Bxh2+ 31. Kxh2 Qxb7 32. Qd2 $18) 31. Re4 $16) (
26... Rc7 $2 {Lutz} 27. Nxd7 Nxd7 (27... Rxd7 28. Bb5) 28. Nd5) (26... Ra7 $5 {
Lutz sieht komisch aus, ist aber unter den gegebenen Umständen noch das Beste.}
) 27. Nxd7 Rxd7 $6 (27... Nxd7 28. Nxa4 (28. d5 $5 Bxc3 (28... e5 29. bxa4 $16)
29. dxe6 Ne5 30. exf7+ Rxf7 31. Qc2 $1 axb3 32. Bxf7+ Kxf7 33. Qxc3 Qxc3 34.
Rxc3 $16) 28... Nb6 29. Nxb6 Rxb6 30. d5 e5 31. f4 $16) 28. Bb5 axb3 29. Bxd7
Nxd7 30. Qb5 $1 $18 Qd6 31. Qxb3 (31. Ne4 $5 Qc7 32. Qxb3 $18) 31... Nf6 32. h3
Rd8 33. Qc4 Qf4 34. Rf3 Qh4 35. Qc5 Ne4 (35... g5 36. d5 $1 g4 37. hxg4 Nxg4
38. dxe6 $18) 36. Nxe4 $138 (36. Qc7 Nxc3 37. Qxf7+ Kh7 38. Rxc3 Rf8 39. Qxe6
Qxf2+ 40. Kh1 Bxd4 41. Rc7+ Bg7 42. Qe7 $18) 36... Qxe4 37. Qe7 (37. Rxf7 Kxf7
38. Qc7+ Ke8 39. Qxg7 $18) 37... Rf8 38. Qd7 (38. d5 exd5 39. Qb7 $18) 38...
Qe2 39. Rfd3 $2 (39. Rc1 $2 Qd2 40. Rc8 $4 Qd1+ $1 41. Kh2 Be5+ 42. Rg3 Bf4 $15
) (39. Rdd3 $1 $18) 39... Bf6 $1 40. d5 (40. R3d2 $142) 40... Rd8 41. Qa4 $1 (
41. Qc6 $2 Bh4 $1 42. g3 Bxg3 $3 43. fxg3 Rxd5 44. Qc8+ (44. Rxd5 Qe3+ $11)
44... Kh7 45. Qc3 Qxd1+ 46. Rxd1 Rxd1+ 47. Kf2 Rd5 $11) 41... exd5 42. Re3 $1
Qh5 $6 (42... Qb2 $8 43. Qc6 $1 Bd4 44. Re8+ Rxe8 45. Qxe8+ Kg7 46. Qe1 $1 Bc3
47. Qe3 $1 d4 48. Qe5+ Kg8 49. Qe4 $18) 43. Re8+ Rxe8 44. Qxe8+ Kg7 45. Rc1 $1
$18 1-0

[Event "Gibraltar Masters 11th"]
[Site "Caleta"]
[Date "2013.01.26"]
[Round "5"]
[White "Iturrizaga Bonelli, Eduardo"]
[Black "Le, Quang Liem"]
[Result "0-1"]
[WhiteElo "2650"]
[BlackElo "2705"]
[Annotator "Saunders,J"]
[PlyCount "98"]
[EventDate "2013.01.22"]
[EventType "swiss"]
[EventRounds "10"]
[EventCountry "GGB"]
[SourceTitle "CBM 153"]
[Source "ChessBase"]
[SourceDate "2013.03.14"]
[SourceVersion "1"]
[SourceVersionDate "2013.03.14"]
[SourceQuality "1"]

1. d4 d5 2. Nf3 Nf6 3. c4 c6 4. Nc3 e6 5. Bg5 h6 6. Bxf6 Qxf6 7. e3 Nd7 8. Bd3
dxc4 9. Bxc4 Bd6 10. O-O Qe7 11. e4 e5 12. d5 Nb6 13. Bb3 O-O 14. h3 Rd8 15. a3
a5 16. Qe2 a4 17. Ba2 Bc5 18. Rfd1 Rd6 19. dxc6 bxc6 20. Rxd6 Bxd6 21. Rc1 Nd7
22. Rd1 Bc7 23. Qc2 Nc5 24. Ne2 Bb6 25. Ng3 g6 26. Qc3 Bc7 27. Rc1 Ra5 28. h4
Kg7 29. h5 Bd7 30. Bc4 Nb7 31. hxg6 fxg6 32. Rd1 Be8 33. Ba2 Nd6 34. b4 axb3
35. Qxb3 Nf7 36. Rd3 Rb5 37. Qc2 Qc5 38. Rc3 Qb6 {[diag]} 39. Bxf7 $2 Rb2 $1 (
39... Kxf7 {is equal but the text move sets up a powerful skewer on the f2
square.}) 40. Rb3 (40. Bxe8 Rxc2 41. Rxc2 Qb1+ 42. Ne1 Qxe1+ 43. Kh2 Bb6 {
gains White a rook and a knight for the queen but looks very unpleasant for
White on the dark squares.}) 40... Rxc2 41. Rxb6 Bxb6 42. Bxe8 Bxf2+ 43. Kh2
Kf6 {The body count (two knights for rook and pawn) doesn't seem too terrible
for White at first sight but then you notice that White's two knights have
little scope. In particular, they can't help in stopping the advance of
Black's passed c-pawn.} 44. Nh4 Rc3 45. Nf3 c5 46. a4 c4 47. Bb5 Rc2 48. a5 c3
49. a6 Ra2 (49... Ra2 {If} 50. Ne2 {to stop the pawn, simply} Rxe2 51. Bxe2 c2
{and the pawn promotes.}) 0-1

[Event "USA-ch"]
[Site "Saint Louis"]
[Date "2016.04.21"]
[Round "7"]
[White "Shabalov, Alexander"]
[Black "So, Wesley"]
[Result "0-1"]
[WhiteElo "2528"]
[BlackElo "2773"]
[Annotator "Schulz,Andre"]
[PlyCount "46"]
[EventDate "2016.04.14"]
[EventType "tourn"]
[EventRounds "11"]
[EventCountry "USA"]
[EventCategory "17"]
[SourceTitle "CBM 172"]
[Source "ChessBase"]
[SourceDate "2016.05.12"]
[SourceVersion "1"]
[SourceVersionDate "2016.05.12"]
[SourceQuality "1"]

1. Nf3 d5 2. d4 Nf6 3. c4 c6 4. Nc3 e6 5. Bg5 h6 6. Bh4 dxc4 7. e4 g5 8. Bg3 b5
{Die Anti-Moskauer Variante stand vor ein paar Jahren im Spitzenschach hoch im
Kurs. Inzwischen ist die Beliebtheit etwas zurpück gegangen.} 9. Be2 ({
Ein anderes Thema ist} 9. Ne5 h5 10. h4 g4) 9... Bb7 10. Qc2 ({Die
Hauptvarianten sind} 10. O-O Nbd7 11. Ne5) ({bzw.} 10. h4 g4 11. Ne5) 10...
Nbd7 11. Rd1 Nh5 12. d5 cxd5 (12... Nxg3 13. hxg3 Qb6 14. dxe6 fxe6 15. Nxg5
Bc5 16. Bh5+ Ke7 17. Nxe6 Ne5 18. Nxc5 Qxc5 19. Be2 Raf8 20. O-O Rhg8 21. b4
Qxb4 22. Qd2 Qc5 23. Qxh6 Bc8 24. Qh4+ Ke6 25. Qh6+ Ke7 26. Qh5 Kf6 27. Qh4+
Ke6 28. Nd5 cxd5 29. Rxd5 Qb6 30. Qh5 Qb8 31. Rfd1 Rf6 32. Rxe5+ Qxe5 33. Bg4+
Rxg4 34. Qe8# {1-0 (34) Anand,V (2817)-Shirov,A (2709) Leon 2011}) 13. exd5
exd5 14. Nxd5 Nxg3 15. hxg3 Bg7 16. Ne3 Qa5+ 17. Kf1 Nf6 $6 ({Hier wurde
bisher fast ausschließlich} 17... Rd8 {gespielt:} 18. Nf5 Kf8 {mit gleichem
Spiel.} 19. a4 a6 20. N3d4 Ne5 21. Nxg7 Kxg7 22. Bf3 Rxd4 23. Rxd4 Nxf3 24.
gxf3 Bxf3 25. Qf5 Bxh1 26. Qe5+ Kh7 27. Qe7 Rg8 28. Qxf7+ Rg7 29. Qf5+ Kg8 30.
Qc8+ Kh7 31. Rd8 Qb6 32. g4 Qf6 33. Rh8+ Kg6 34. Rxh6+ Kf7 35. Rxf6+ Kxf6 36.
Qxa6+ Ke5 37. Qxb5+ Bd5 38. Qe8+ Kd4 39. Qe3# {1-0 (39) Williams,S (2449)-Van
Delft,M (2423) Amsterdam 2014}) 18. Qf5 $6 {Droht nun Td6, wonach der Sf6 in
Schwierigkeiten ist, und Lxc4. Aber Schwarz kann die Drohungen leicht abwehren.
} (18. Nf5 {ist besser als Shabalovs Zug.} Kf8 19. Nd6 Qb6 20. Ne5 Qc7 21.
Nexf7 Bd5 22. Rxd5 Nxd5 23. Qe4 Nb6 24. Qf5 Kg8 25. Qg6 Rf8 26. Nxh6+ Rxh6 27.
Rxh6 {1-0 (27) Sarkar,J (2451)-Mo,K (2273) Arlington 2013}) 18... Qb6 19. Qe5+
Kf8 20. Rd6 Qc7 21. Nf5 $2 {[#] Auf den ersten Blick sieht es so aus, als ob
Weiß eine aussichtsreiche Stellung erreicht hat. In Wirklichkeit war der
letzte weiße Zug schon der Verlustzug.} ({Nötig war} 21. Rd1 Qxe5 22. Nxe5
Re8 23. Nd7+ Nxd7 24. Rxd7 Bc8 25. Rd2 Be6 $17) 21... Ne8 {und aus. Weiß
verliert Material.} 22. Nxg7 Qxd6 23. Ne6+ Kg8 0-1

[Event "Yalta super"]
[Site "Yalta"]
[Date "1995.??.??"]
[Round "1"]
[White "Kortschnoj, Viktor Lvovich"]
[Black "Dreev, Alexey"]
[Result "1/2-1/2"]
[WhiteElo "2635"]
[BlackElo "2650"]
[Annotator "Shipov,S"]
[PlyCount "65"]
[EventDate "1995.??.??"]
[EventType "team"]
[EventRounds "1"]
[EventCountry "UKR"]
[SourceTitle "CBM 047 Extra"]
[Source "ChessBase"]
[SourceDate "1995.09.01"]
[SourceVersion "1"]
[SourceVersionDate "1995.09.01"]
[SourceQuality "1"]

1. d4 d5 2. c4 c6 3. Nf3 Nf6 4. Nc3 e6 5. Bg5 h6 6. Bxf6 Qxf6 7. Qb3 (7. e3)
7... Nd7 (7... a5 8. e4 dxe4 9. Nxe4 Bb4+ 10. Kd1 Qf4 $13) 8. g3 dxc4 9. Qxc4
e5 $1 (9... Qe7 10. Bg2 Qb4 $5 (10... g6 11. O-O Bg7 12. Rfd1 O-O 13. e3 e5 14.
Ne4 exd4 15. Nxd4 Re8 16. Rac1 Ne5 17. Qc5 $14 {Georgiev,Kir-Ermenkov,E/
Elenite/1994/}) 11. Nd2 $5 (11. Qxb4 Bxb4 12. Rc1 $14) 11... Qxb2 $1 12. Rb1
Qa3 13. O-O Nb6 14. Qd3 Be7 15. Nc4 Qa6 $1 16. Ne5 Qxd3 17. Nxd3 O-O $15 {
Shirov,A-Anand,V/Linares/1994/}) 10. O-O-O $5 {N/} (10. d5 $2 Nb6 11. Qb3 Nxd5
12. Nxd5 cxd5 13. Qxd5 Bb4+ $17) (10. Bg2 exd4 11. Ne4 Qe7 12. Qxd4 Qb4+ 13.
Nc3 Nf6 (13... Qxb2 $5) 14. O-O-O Be6 15. a3 Qa5 16. Qe5 Qxe5 17. Nxe5 Rd8 18.
Kc2 Bd6 19. Nd3 O-O $10 {Korchnoi,V-Kramnik,V/Monaco/1994/}) 10... Be7 (10...
exd4 $5 11. Ne4 Qg6 12. Qxd4 Be7 13. Bh3 Nb6 14. Ne5 Qh5 15. Bxc8 Rxc8 $13) 11.
Ne4 (11. Bh3 $2 Nb6) (11. Bg2 exd4 12. Ne4 Qg6 $10) 11... Qf5 $8 12. Qc2 O-O
13. Kb1 exd4 14. Nxd4 Qa5 15. Bh3 (15. Bg2 Nf6 16. h3 $5) 15... Nf6 16. Bxc8
Raxc8 17. Nxf6+ Bxf6 18. Nf5 Rcd8 $10 19. f4 $1 Rxd1+ 20. Rxd1 Rd8 21. Rxd8+ (
21. e4 Rxd1+ 22. Qxd1 Qb4 23. Qe2) 21... Bxd8 22. a3 (22. e4 Qe1+) 22... Qd5
23. e4 Qd7 24. e5 Be7 (24... g6 $5 25. Nd6 Be7 $10) 25. Kc1 g6 $1 26. Nd6 Bxd6
27. Qd2 Kf8 28. exd6 Ke8 29. Qe3+ (29. Qd4 Qe6 $1 $10) 29... Qe6 $1 30. Qxa7 $8
Qe1+ 31. Kc2 Qe2+ 32. Kc3 Qe1+ 33. Kc2 (33. Kc4 Qe6+ $10) 1/2-1/2

[Event "Interzonal-16"]
[Site "Biel"]
[Date "1993.??.??"]
[Round "4"]
[White "Speelman, Jonathan S"]
[Black "Sveshnikov, Evgeny"]
[Result "1-0"]
[WhiteElo "2605"]
[BlackElo "2570"]
[Annotator "Speelman,J"]
[PlyCount "109"]
[EventDate "1993.07.16"]
[EventType "swiss"]
[EventRounds "13"]
[EventCountry "SUI"]
[SourceTitle "CBM 037"]
[Source "ChessBase"]
[SourceDate "1993.12.01"]
[SourceVersion "1"]
[SourceVersionDate "1993.12.01"]
[SourceQuality "1"]

1. c4 e6 2. d4 d5 3. Nf3 Nf6 4. Bg5 h6 5. Bxf6 Qxf6 6. Nc3 c6 7. g3 Nd7 8. Bg2
dxc4 9. O-O Be7 10. e3 O-O 11. Nd2 e5 12. Nxc4 exd4 13. exd4 Nb6 14. Ne3 (14.
Nxb6 axb6 $14) 14... Rd8 15. d5 Be6 (15... Bb4 16. Qb3 Bxc3 17. bxc3 Nxd5 18.
Nxd5 cxd5 19. Bxd5) 16. Qb3 cxd5 17. Ncxd5 (17. Nexd5 Nxd5 18. Bxd5) 17... Nxd5
18. Nxd5 Bxd5 19. Bxd5 $14 {xf7,b7 diagonal b3-f7} Rd6 (19... Rd7 20. Rad1 Rad8
21. Rd3) 20. Qxb7 (20. Rad1 $5 Rb6 (20... Rad8 21. Qxb7 {= the game} (21. Rd3
$5)) 21. Qc4 Rxb2 22. Rd3 Rb4 $5 (22... Rf8 23. Rf3 Qg6 24. Re1 Bf6 25. Be4 Qh5
)) 20... Rad8 21. Rad1 R8d7 22. Qb3 Qf5 23. Bf3 Rxd1 24. Rxd1 Rxd1+ 25. Qxd1 g6
26. Kg2 h5 $6 {Xf7,g6 endgame} 27. h4 Bc5 28. a3 $1 Bb6 29. b4 Qe5 30. Bd5 Kg7
31. a4 Bd4 32. Qf3 Qf6 33. Qe2 Bc3 34. b5 (34. Qc4 $2 Be1 $1 $10) 34... Ba5 35.
Qe3 Bb6 36. Qd2 Qf5 37. Bc6 Qc5 38. Qb2+ Qd4 $138 39. Qxd4+ $1 Bxd4 40. a5 $16
Kf6 41. f4 $6 {xg3} Ke6 42. b6 axb6 43. a6 b5 44. Bxb5 Ba7 $2 (44... Ke7 45.
Kf3 f5 $1 46. Ke2 Ba7 47. Kd3 Bf2 48. Kc4 Kd8 49. Kd5 Kc7 50. Ke6 Bxg3 51. Kf6
Bxf4 52. Kxg6 Bd6 $1 53. Kxh5 Be7 $10) 45. Kf3 Bg1 46. Bc4+ Ke7 47. Ke4 Kf6 48.
Kd5 $18 Kf5 49. Kd6 f6 50. Be2 g5 51. Bd3+ Kg4 52. hxg5 fxg5 53. f5 h4 54. gxh4
gxh4 55. f6 1-0

[Event "Vidmar Memorial 13th"]
[Site "Portoroz"]
[Date "1999.06.14"]
[Round "2"]
[White "Stohl, Igor"]
[Black "Pavasovic, Dusko"]
[Result "1-0"]
[WhiteElo "2573"]
[BlackElo "2502"]
[Annotator "Stohl,I"]
[PlyCount "53"]
[EventDate "1999.06.??"]
[EventType "tourn"]
[EventRounds "10"]
[EventCountry "SLO"]
[EventCategory "14"]
[SourceTitle "CBM 072"]
[Source "ChessBase"]
[SourceDate "1999.10.01"]
[SourceVersion "1"]
[SourceVersionDate "1999.10.01"]
[SourceQuality "1"]

1. c4 {Lutz. Winants} e6 2. Nf3 d5 3. d4 c6 4. Nc3 Nf6 5. Bg5 h6 {Winants: 'Le
système de Moscou. On pourrait aussi jouer'} ({la varainte de Botvinnik -} 5...
dxc4 {Winants} 6. e4 b5 7. e5 h6 8. Bh4 g5 9. Nxg5 hxg5 10. Bxg5 Nbd7 {qui
conduit а des complications sans fin}) ({ou la défense de Cambridge-Springs} 
5... Nbd7 {Winants} 6. e3 Qa5 {suivi éventuellement de Fb4}) 6. Bh4 $5 {
Winants: 'Un gambit prometteur.'} ({This dangerous gambit has become a very
popular alternative to the less ambitious} 6. Bxf6 Qxf6 7. e3) 6... dxc4 7. e4
g5 8. Bg3 b5 9. Be2 (9. h4 Bb4 10. hxg5 Nxe4 11. Be5 Rf8 $1 $146 (11... Nxc3
12. bxc3 Bxc3+ 13. Ke2 Rg8 14. gxh6 f6 15. h7 Rh8 16. Qc2 $1 Qe7 17. Bd6 Qg7
18. Qxc3 Rxh7 19. Rxh7 Qxh7 20. Nd2 $18 {Poluljahov,A-Zakharstov,V/Krasnodar/
1998/}) 12. gxh6 Nxc3 13. bxc3 Bxc3+ 14. Ke2 f6 15. h7 Kd7 16. Rh6 fxe5 17.
dxe5+ Kc7 18. Qxd8+ Rxd8 19. Rc1 Bb2 20. Rc2 Ba1 21. h8=Q Rxh8 22. Rxh8 Nd7 23.
Rc1 Bb2 $44 {Filippov,V-Novikov,I/Koszalin op/1999/}) 9... Bb7 10. h4 {'!'
Lutz. Lutz: 'Auch in dieser Partie wird Khalifmans Idee wieder erfolgreich
sein.' Winants: 'Une idée du grand-maître bosniaque Ivan Sokolov. Les Blancs
attirent le fantassin adverse en g4 pour occuper l'avant-poste e5 avec gain de
temps.'} g4 11. Ne5 b4 $2 {Black disrupts his strong << pawn chain-the text is
a well-known mistake. Winants: 'Un faute stratégique qui fait l'affaire des
Blancs.'} (11... h5 $142 $8 12. O-O Nbd7 ({Dangerous is} 12... Bg7 $6 13. f3
O-O 14. fxg4 hxg4 15. Bxg4 c5 {'?!' Lutz.} 16. d5 {'!' Lutz.} exd5 17. Nxf7 (
17. exd5 $5 b4 18. Rxf6 Qxf6 19. Ne4 $40) 17... Rxf7 18. Be6 {'->' Lutz. Lutz:
'1/2-1/2 Khalifman,A-Morovic Fernandez,I/Tallinn/ Parnu 1998/CBM 66/[Lutz] (30)
'} Qe7 19. exd5 Nbd7 20. Ne4 Nxe4 21. Rxf7 Qxf7 22. Bxf7+ Kxf7 23. Qg4 Bd4+ 24.
Kh2 Ndf6 25. Qe6+ Kg6 26. h5+ Kxh5 27. Qf7+ Kg5 28. Qg7+ Kh5 29. Qf7+ Kg5 30.
Qg7+ {1/2,Khalifman,A-Morovic,I/Tallinn-Parnu/1998/}) (12... Be7 13. Qc2 Qxd4
14. Rfd1 Qc5 15. Ng6 $5 fxg6 16. e5 Nd5 17. Qxg6+ Kd8 18. Ne4 Qb6 19. Qxe6 Nd7
20. Qf7 Nc5 21. Nf6 Rf8 22. Qxh5 Bxf6 23. exf6 Ne4 24. Qh7 Nexf6 25. Qg7 Ke8
26. Bd3 $1 $40 {Richter,M-Korobov,A/Swidnica/1999/}) 13. Qc2 Nxe5 (13... Bg7
14. Rad1 Qb6 $6 15. Na4 $1 Qa5 16. Nc5 Nxc5 17. dxc5 Qb4 18. Rd6 Qxc5 19. Rfd1
O-O 20. Nd7 Nxd7 21. Rxd7 Qb6 22. Qc1 Bc8 23. Qg5 Bxd7 24. Rxd7 Kh7 25. Qxh5+
Kg8 26. Bc7 Qa6 27. Qxg4 $18 {->,Sokolov,I-Novikov,I/Antwerpen/1997/}) 14. Bxe5
Rg8 15. Rad1 Rg6 $142 (15... Nd7 16. Bg3 Qb6 17. b3 (17. d5 $5 O-O-O 18. dxe6
fxe6 19. b3 $44) 17... cxb3 18. axb3 Bb4 (18... a6 $6 19. d5 Bg7 20. dxe6 fxe6
21. Rd6 O-O-O 22. Rxe6 Qc5 23. Nd5 $1 cxd5 24. Rc1 dxe4 25. Qd2 b4 26. Rxc5+
Nxc5 27. Qf4 Nxe6 28. Qb8+ Kd7 29. Qd6+ {1-0,Plachetka,J-Pcola,P/SVK-ch Nove
Zamky/ 1999/}) 19. Na2 Be7 20. Nc3 Bb4 21. Na2 Be7 22. Nc3 {1/2,Notkin,
M-Galkin,A/Maikop RUS-chT/1998/}) 16. Bf4 {'!' Lutz.} Be7 17. g3 Qa5 $5 $13 {
Sakaev '?' Lutz.} (17... a6 18. b3 {'+/-!' Lutz. Lutz: '1-0 Sakaev,K-Khenkin,I/
Belgrade 1999/CBM 69/[Sakaev,K] (39)'} cxb3 19. axb3 Bb4 20. Bd3 $1 Qxd4 21.
Na2 e5 22. Be3 Qd6 23. Be2 Qe7 24. Nxb4 Qxb4 25. Bc5 Qa5 26. Qb2 $16 {[%csl
Re8] ->,Sakaev,K-Khenkin,I/Belgrade EU Cup f/1999/})) ({Il faut jouer} 11... h5
{Winants pour garder le Fe2 enfermé et éviter l'ouverture des lignes contre le
Roi noir.}) 12. Na4 Nxe4 13. Bxc4 h5 $146 {A novelty, but Black's position is
suspect already.} ({White had a winning attack after} 13... Nxg3 14. fxg3 Nd7
15. Nxf7 $1 Kxf7 16. Qxg4 Qe7 17. O-O+ Ke8 18. Bxe6 Bc8 19. Rae1 {Winants:
'avec une attaque décisive, Khalifman-Dreev Elista 1998'} Kd8 {Khalifman,
A-Dreev,A/Elista President's Cup/1998/} 20. Bf7 $1 Qd6 21. Re6 Qb8 22. Re8+ Kc7
23. Be6 $18) 14. Qe2 Nxg3 15. fxg3 {[%cal Re5f7] /\Nf7 Winants: 'Menaçant déjà
16. Cxf7 !'} Rh6 (15... Nd7 $2 16. Nxf7 Kxf7 17. Qxe6+ Kg7 18. O-O $18) (15...
Rh7 16. O-O $40) 16. O-O $1 f5 $6 (16... f6 17. Nf7 $1 $18) ({Somewhat better
was} 16... Qxd4+ $142 17. Kh2 (17. Kh1 {Winants} f5 18. Rad1 Qe4 19. Qxe4 fxe4
20. Nf7 Nd7 (20... Rh7 21. Rd8+ Ke7 22. Rxf8 Kxf8 23. Ng5+) 21. Nxh6 Bxh6 22.
Rxd7 $1 Kxd7 23. Rf7+ Kc8 24. Nc5 {etc.}) 17... f5 18. Rxf5 $5 (18. Rad1 Qe4
19. Qxe4 fxe4 20. Rf7 Ba6 21. Rc7 $1 $16) 18... exf5 19. Bf7+ Kd8 20. Rd1 Qxd1
21. Qxd1+ Rd6 22. Qf1 $16 {[%csl Rb4,Rc6,Rd8,Rf5,Rg4,Rh5] White has a big lead
in development and Black's pawns are very weak.}) 17. d5 $1 {[%mdl 128] '+-'
Lutz. Lutz: 'Angesichts des schwarzen Entwicklungsrückstandes ist die Partie
gelaufen.' Winants: 'Forçant le passage. Les Noirs sont perdus.'} (17. Rxf5
Qxd4+ {leads to the line above, the text is even stronger and gives White a
decisive attack.}) 17... Qa5 (17... cxd5 18. Bb5+ Ke7 19. Rxf5 $1 $18 {'!'
Winants.} (19. Rxf5 $1 {Winants} exf5 20. Nc6+)) (17... Bg7 18. Rxf5 $18) ({Si
} 17... exd5 {Winants} 18. Nxc6+) 18. Rxf5 {'!' Winants. '!' Lutz.} Qxa4 {
Lutz: 'Schwarz lässt sich den Gewinn zeigen, aber es war eh schon schwer.'} (
18... Bc5+ 19. Kh2 Qxa4 20. dxc6 $1 {[%cal Rc4b5] followed by Bb5 is also
hopeless.}) (18... Be7 19. dxe6 Qxa4 20. Qf2 $18 {[%cal Rf5f8] /\Rf8!}) 19.
Rxf8+ Kxf8 20. Qf2+ Ke7 ({Ou pire :} 20... Kg7 {Winants} 21. Qf7+ Kh8 22. Qf8+
Kh7 23. Bd3+ Rg6 24. Bxg6#) 21. Qf7+ (21. Qc5+ $1 Ke8 22. Rf1 Nd7 23. Qd6 $18 {
mates even faster,as Black's King already can't castle!} (23. Nxd7 Kxd7 24.
Rf7+ Kc8 25. Qe7 $18)) 21... Kd6 ({Sur} 21... Kd8 {Winants} {alors tout
simplement} 22. d6 $1 {et le mat suit.}) 22. Qf8+ (22. b3 {Winants suivi de
dxc6 et de Td1 était également très fort.}) 22... Kc7 (22... Kxe5 23. Qf4#) 23.
d6+ Kb6 24. Bb3 Qb5 25. Qd8+ Kc5 (25... Ka6 {Winants} 26. Bc4) 26. Rc1+ Kd4 27.
Qg5 $1 {Black can't prevent quick mate, e.g. Winants: 'et les Noirs
abandonnèrent.'} (27. Qg5 Qxe5 (27... Qe2 {Winants} 28. Qf4+ Qe4 29. Rc4+) 28.
Qd2+ $1 Ke4 29. Bc2#) 1-0